00488nam a2200193 a 4500001001300000003000900013005001700022008004100039020001000080082001600090100001900106245002600125260004400151300000900195500003500204505001500239650002100254700001900275nice12345678IN_TiNIC20260116011519.0050524s1924 cala grp 000 0 eng  ac10000a491.48bDAN aDann, George J aFrist Lessons in Urdu aCalcutta bBaptist Mission Press c1924 a152p aincludes index and biblioraphy2 aVocabulary aUrdu-Coursr Book1 aDann, George J